Estadísticas para Equipos de F1 por año

Haz click aquí para intentar la prueba.

Estadísticas generales

  • Esta prueba ha sido intentada 48 veces
  • La puntuación promedio es 51 de 66

Estadísticas de respuestas

AñoPiloto% Correcto
1977Ferrari
100%
1979Ferrari
100%
1976Ferrari
100%
1975Ferrari
100%
1982Ferrari
100%
1964Ferrari
100%
1999Ferrari
100%
2000Ferrari
100%
2001Ferrari
100%
2002Ferrari
100%
2003Ferrari
100%
2004Ferrari
100%
1983Ferrari
100%
2007Ferrari
100%
2008Ferrari
100%
1961Ferrari
100%
2014Mercedes
100%
2015Mercedes
100%
2016Mercedes
100%
2017Mercedes
100%
2018Mercedes
100%
2019Mercedes
100%
2020Mercedes
100%
2021Mercedes
100%
2010Red Bull
98%
2022Red Bull
98%
2011Red Bull
98%
2012Red Bull
98%
2013Red Bull
98%
2023Red Bull
98%
2006Renault
88%
2005Renault
88%
1974McLaren
84%
1985McLaren
84%
1984McLaren
84%
1990McLaren
84%
1988McLaren
84%
1989McLaren
84%
1991McLaren
84%
1998McLaren
84%
1987Williams
77%
1994Williams
77%
1986Williams
77%
1997Williams
77%
1996Williams
77%
1993Williams
77%
1980Williams
77%
1981Williams
77%
1992Williams
77%
2009Brawn
51%
1963Lotus
49%
1968Lotus
49%
1965Lotus
49%
1972Lotus
49%
1970Lotus
49%
1973Lotus
49%
1978Lotus
49%
1995Benetton
37%
1967Brabham
28%
1966Brabham
28%
1960Cooper
16%
1959Cooper
16%
1971Tyrrell
16%
1969Matra
14%
1962BRM
12%
1958Vanwall
7%

Distribución de puntuación

Porcentaje por número respondido

Porcentaje de gente con cada puntuación

Historial de tus puntuaciones

No has intentado esta prueba.